00807cam a22002173a 450000100060000000300060000600500170001200800410002904000150007004200070008510000340009224502130012626000290033950600300036851600200039883000290041885600420044794200070048999900190049695200740051535530PGUSA20140828083750.0110308s2011||||xxu|||||s|||||000 | eng d aPGUSAbeng adc1 aMacDonald, Arthur,d1856-193610aFundamental Peace Ideas including The Westphalian Peace Treaty (1648) and The League Of Nations (1919) :bin connection with International Psychology and Revolutionsh[electronic resource] /cArthur MacDonald bProject Gutenberg,c2011 aPublic domain in the USA. aElectronic text 0aProject Gutenbergv3553040uhttp://www.gutenberg.org/ebooks/35530 cEB c264785d264785 001040aGTBbGTBd2014-08-28l0r2014-08-28 00:00:00w2014-08-28yEB